<?xml version="1.0" encoding="UTF-8"?>
<record
    xmlns:xsi="http://www.w3.org/2001/XMLSchema-instance"
    xsi:schemaLocation="http://www.loc.gov/MARC21/slim http://www.loc.gov/standards/marcxml/schema/MARC21slim.xsd"
    xmlns="http://www.loc.gov/MARC21/slim">

  <leader>00801nam a2200289 i 4500</leader>
  <controlfield tag="001">C2-0325186</controlfield>
  <controlfield tag="003">PPAK</controlfield>
  <controlfield tag="005">20180728123252.0</controlfield>
  <controlfield tag="008">140121s2013    my a|||| |||||  |   may d</controlfield>
  <datafield tag="020" ind1=" " ind2=" ">
    <subfield code="a">9789674032180</subfield>
  </datafield>
  <datafield tag="040" ind1=" " ind2=" ">
    <subfield code="a">PPAK</subfield>
    <subfield code="b">eng</subfield>
    <subfield code="c">PPAK</subfield>
    <subfield code="e">rda</subfield>
  </datafield>
  <datafield tag="082" ind1="0" ind2="4">
    <subfield code="a">297.18</subfield>
    <subfield code="2">23</subfield>
  </datafield>
  <datafield tag="090" ind1="0" ind2="0">
    <subfield code="a">297.18</subfield>
    <subfield code="b">IRW</subfield>
    <subfield code="d">K</subfield>
  </datafield>
  <datafield tag="100" ind1="1" ind2=" ">
    <subfield code="a">Irwan, B., </subfield>
    <subfield code="e">author</subfield>
  </datafield>
  <datafield tag="245" ind1="1" ind2="0">
    <subfield code="a">Kalimah toyyibah 1</subfield>
  </datafield>
  <datafield tag="264" ind1=" " ind2="1">
    <subfield code="a">Kuala Lumpur : </subfield>
    <subfield code="b">Ana Muslim , </subfield>
    <subfield code="c">2013</subfield>
  </datafield>
  <datafield tag="300" ind1=" " ind2=" ">
    <subfield code="a">48 pages : </subfield>
    <subfield code="b">colour illustrations ; </subfield>
    <subfield code="c">26 cm</subfield>
  </datafield>
  <datafield tag="336" ind1=" " ind2=" ">
    <subfield code="2">rdacontent</subfield>
    <subfield code="a">text</subfield>
  </datafield>
  <datafield tag="337" ind1=" " ind2=" ">
    <subfield code="2">rdamedia</subfield>
    <subfield code="a">unmediated</subfield>
  </datafield>
  <datafield tag="338" ind1=" " ind2=" ">
    <subfield code="2">rdacarrier</subfield>
    <subfield code="a">volume</subfield>
  </datafield>
  <datafield tag="490" ind1="1" ind2=" ">
    <subfield code="a">Siri kalimah toyyibah</subfield>
  </datafield>
  <datafield tag="500" ind1=" " ind2=" ">
    <subfield code="a">7-10 Tahun</subfield>
  </datafield>
  <datafield tag="650" ind1="1" ind2="0">
    <subfield code="a">Islamic stories, Malay.</subfield>
  </datafield>
  <datafield tag="700" ind1="0" ind2=" ">
    <subfield code="a">Razlinda Radzuan, </subfield>
    <subfield code="e">editor</subfield>
  </datafield>
  <datafield tag="830" ind1=" " ind2="0">
    <subfield code="a">Siri kalimah toyyibah</subfield>
  </datafield>
  <datafield tag="942" ind1=" " ind2=" ">
    <subfield code="d">dc</subfield>
    <subfield code="c">B</subfield>
  </datafield>
  <datafield tag="999" ind1=" " ind2=" ">
    <subfield code="c">124929</subfield>
    <subfield code="d">124929</subfield>
  </datafield>
  <datafield tag="952" ind1=" " ind2=" ">
    <subfield code="0">0</subfield>
    <subfield code="7">0</subfield>
    <subfield code="b">PPAK</subfield>
    <subfield code="c">K</subfield>
    <subfield code="d">2014-01-23</subfield>
    <subfield code="l">8</subfield>
    <subfield code="o">K 297.18 IRW</subfield>
    <subfield code="p">A01432084</subfield>
    <subfield code="r">2023-12-09 16:10:35</subfield>
    <subfield code="s">2023-11-18</subfield>
    <subfield code="y">B</subfield>
  </datafield>
  <datafield tag="952" ind1=" " ind2=" ">
    <subfield code="0">0</subfield>
    <subfield code="7">0</subfield>
    <subfield code="b">PPAK</subfield>
    <subfield code="c">K</subfield>
    <subfield code="d">2014-01-23</subfield>
    <subfield code="l">16</subfield>
    <subfield code="m">1</subfield>
    <subfield code="o">K 297.18 IRW</subfield>
    <subfield code="p">A01432085</subfield>
    <subfield code="r">2026-02-14 15:39:47</subfield>
    <subfield code="s">2026-01-24</subfield>
    <subfield code="y">B</subfield>
  </datafield>
  <datafield tag="952" ind1=" " ind2=" ">
    <subfield code="0">0</subfield>
    <subfield code="7">0</subfield>
    <subfield code="b">SP</subfield>
    <subfield code="c">K</subfield>
    <subfield code="d">2014-01-23</subfield>
    <subfield code="l">8</subfield>
    <subfield code="m">1</subfield>
    <subfield code="o">K 297.18 IRW</subfield>
    <subfield code="p">A01432086</subfield>
    <subfield code="r">2020-07-07 00:00:00</subfield>
    <subfield code="s">2020-06-23</subfield>
    <subfield code="y">B</subfield>
  </datafield>
  <datafield tag="952" ind1=" " ind2=" ">
    <subfield code="0">0</subfield>
    <subfield code="7">0</subfield>
    <subfield code="b">JT</subfield>
    <subfield code="c">K</subfield>
    <subfield code="d">2014-01-23</subfield>
    <subfield code="l">5</subfield>
    <subfield code="o">K 297.18 IRW</subfield>
    <subfield code="p">A01432087</subfield>
    <subfield code="r">2023-09-02 12:31:58</subfield>
    <subfield code="s">2023-08-19</subfield>
    <subfield code="y">B</subfield>
  </datafield>
  <datafield tag="952" ind1=" " ind2=" ">
    <subfield code="0">0</subfield>
    <subfield code="7">0</subfield>
    <subfield code="b">LW</subfield>
    <subfield code="c">K</subfield>
    <subfield code="d">2014-01-23</subfield>
    <subfield code="l">5</subfield>
    <subfield code="m">1</subfield>
    <subfield code="o">K 297.18 IRW</subfield>
    <subfield code="p">A01432088</subfield>
    <subfield code="r">2025-06-18 08:42:49</subfield>
    <subfield code="s">2025-06-17</subfield>
    <subfield code="y">B</subfield>
  </datafield>
  <datafield tag="952" ind1=" " ind2=" ">
    <subfield code="0">0</subfield>
    <subfield code="7">0</subfield>
    <subfield code="b">YN</subfield>
    <subfield code="c">K</subfield>
    <subfield code="d">2014-01-23</subfield>
    <subfield code="l">4</subfield>
    <subfield code="o">K 297.18 IRW</subfield>
    <subfield code="p">A01432090</subfield>
    <subfield code="r">2024-08-08 16:45:01</subfield>
    <subfield code="s">2024-07-18</subfield>
    <subfield code="y">B</subfield>
  </datafield>
  <datafield tag="952" ind1=" " ind2=" ">
    <subfield code="0">0</subfield>
    <subfield code="7">0</subfield>
    <subfield code="b">SK</subfield>
    <subfield code="c">K</subfield>
    <subfield code="d">2014-01-23</subfield>
    <subfield code="l">2</subfield>
    <subfield code="o">K 297.18 IRW</subfield>
    <subfield code="p">A01432091</subfield>
    <subfield code="r">2025-04-10 15:36:40</subfield>
    <subfield code="s">2025-03-17</subfield>
    <subfield code="y">B</subfield>
  </datafield>
  <datafield tag="952" ind1=" " ind2=" ">
    <subfield code="0">0</subfield>
    <subfield code="7">0</subfield>
    <subfield code="b">BB</subfield>
    <subfield code="c">K</subfield>
    <subfield code="d">2014-01-23</subfield>
    <subfield code="l">1</subfield>
    <subfield code="o">K 297.18 IRW</subfield>
    <subfield code="p">A01432093</subfield>
    <subfield code="r">2024-10-03 15:28:43</subfield>
    <subfield code="s">2024-09-26</subfield>
    <subfield code="y">B</subfield>
  </datafield>
  <datafield tag="952" ind1=" " ind2=" ">
    <subfield code="0">0</subfield>
    <subfield code="7">0</subfield>
    <subfield code="b">KN</subfield>
    <subfield code="c">K</subfield>
    <subfield code="d">2014-01-23</subfield>
    <subfield code="o">K 297.18 IRW</subfield>
    <subfield code="p">A01432094</subfield>
    <subfield code="r">2018-05-09 00:00:00</subfield>
    <subfield code="y">B</subfield>
  </datafield>
  <datafield tag="952" ind1=" " ind2=" ">
    <subfield code="0">0</subfield>
    <subfield code="7">0</subfield>
    <subfield code="b">JT</subfield>
    <subfield code="c">K</subfield>
    <subfield code="d">2014-01-23</subfield>
    <subfield code="l">1</subfield>
    <subfield code="m">1</subfield>
    <subfield code="o">K 297.18 IRW</subfield>
    <subfield code="p">A01432095</subfield>
    <subfield code="r">2022-12-07 00:00:00</subfield>
    <subfield code="s">2022-11-02</subfield>
    <subfield code="y">B</subfield>
  </datafield>
  <datafield tag="952" ind1=" " ind2=" ">
    <subfield code="0">0</subfield>
    <subfield code="7">0</subfield>
    <subfield code="b">MR</subfield>
    <subfield code="c">K</subfield>
    <subfield code="d">2014-01-23</subfield>
    <subfield code="l">2</subfield>
    <subfield code="m">1</subfield>
    <subfield code="o">K 297.18 IRW</subfield>
    <subfield code="p">A01432096</subfield>
    <subfield code="r">2025-05-24 14:56:25</subfield>
    <subfield code="s">2025-05-03</subfield>
    <subfield code="y">B</subfield>
  </datafield>
</record>
